| 000 | 01354cam a22003977a 4500 | ||
|---|---|---|---|
| 003 | CHAP | ||
| 005 | 20220329133815.0 | ||
| 008 | 971013s1966 r 00010 d | ||
| 010 | _a11202 | ||
| 011 | _a12174 | ||
| 035 | _a14370 | ||
| 040 | _cCHAP | ||
| 090 | _aTesis | ||
| 100 | 0 | 0 |
_aTrinidad Santos, Antonio. _9115162 |
| 245 | 0 | _aDescripción general de los suelos forestales de pino-encino, de la zona vedada del Edo. de Durango | |
| 260 |
_aChapingo, Méx. : _bEl autor, _c1966 |
||
| 300 | _a98 p. ilus. | ||
| 502 | _aTesis (Ing. Agr. Esp. en Suelos) -- ENA. Departamento de Suelos | ||
| 590 |
_aALEPH _b10 _c20130110 _lUCH01 _h1228 |
||
| 590 |
_aBATCH-UPD _b10 _c20130110 _lUCH01 _h0259 |
||
| 590 |
_aBATCH-UPD _b10 _c20130110 _lUCH01 _h1535 |
||
| 590 |
_aBATCH-UPD _b10 _c20130409 _lUCH01 _h2331 |
||
| 590 |
_aBATCH-UPD _b10 _c20130914 _lUCH01 _h0708 |
||
| 590 |
_aCONVERSION _b10 _c20130109 _lUCH01 _h1307 |
||
| 650 | 1 | 4 |
_aBosques _xDurango. _914128 |
| 650 | 1 | 4 |
_aPináceas. _988210 |
| 650 | 1 | 4 |
_aQuercus. _993173 |
| 650 | 1 | 4 |
_aSuelos forestales. _9110548 |
| 710 | 0 |
_aENA. Departamento de Suelos. _936705 |
|
| 901 | _aBK | ||
| 942 | _cFOLL | ||
| 949 |
_bBC _cTES _d-152886 _eTS1 _i14370 _si |
||
| 949 |
_bBC _cTES _d-152887 _eTS2 _fc.2 _i14370 _si |
||
| 949 |
_bBC _cTES _d-152888 _eTS2 _fc.3 _h23011 _i14370 _si |
||
| 949 |
_bS _cTESBD _d-26512 _eTS1 _i14370 _si |
||
| 999 |
_c11202 _d11202 |
||